[Event "GER S4G1 enginefrei email"]
[Site "GER email"]
[Date "2014.03.08"]
[Round "?"]
[White "Limmer, Reinhold"]
[Black "Burgstaller, Robert"]
[Result "0-1"]
[WhiteElo "1324"]
[BlackElo "1709"]
[PlyCount "48"]
[EventDate "2014.03.14"]
[EventType "tourn (corr)"]
[EventRounds "6"]
[EventCountry "GER"]
[SourceTitle "Corr 2015"]
[Source "ChessBase"]
[SourceDate "2015.07.17"]
[SourceVersion "1"]
[SourceVersionDate "2015.07.17"]
[SourceQuality "1"]

1. c4 e5 2. Nc3 Nf6 3. g3 Bb4 4. Qb3 Nc6 5. a3 Nd4 6. Qd1 Bxc3 7. dxc3 Ne6 8. Bg2 0-0 9. Nf3 d6 10. 0-0 h6 11. Re1 Bd7 12. Be3 Ng4 13. Bd2 Re8 14. Bh3 Nc5 15. e4 Nxf2 16. Kxf2 Bxh3 17. Be3 Nxe4+ 18. Kg1 Ng5 19. Nxg5 hxg5 20. Qh5 g4 21. Bg5 f6 22. Be3 Qd7 23. Rad1 Qc6 24. b4 Qg2# 0-1

[Event "GER S4G1 enginefrei email"]
[Site "GER email"]
[Date "2014.03.08"]
[Round "?"]
[White "Wohlfart, Paulus"]
[Black "Limmer, Reinhold"]
[Result "1-0"]
[WhiteElo "2217"]
[BlackElo "1324"]
[PlyCount "27"]
[EventDate "2014.03.14"]
[EventType "tourn (corr)"]
[EventRounds "6"]
[EventCountry "GER"]
[SourceTitle "Corr 2015"]
[Source "ChessBase"]
[SourceDate "2015.07.17"]
[SourceVersion "1"]
[SourceVersionDate "2015.07.17"]
[SourceQuality "1"]

1. d4 d5 2. c4 Nf6 3. cxd5 Nxd5 4. e4 Nb6 5. Nc3 e6 6. Nf3 Bb4 7. Bd3 0-0 8. 0-0 Nc6 9. e5 Nxd4 10. Nxd4 Bc5 11. Nf3 Nd5 12. Bxh7+ Kxh7 13. Ng5+ Kg8 14. Qh5 1-0

[Event "GER OS-236 email"]
[Site "GER email"]
[Date "2014.02.10"]
[Round "?"]
[White "Hofer, Siegfried"]
[Black "Limmer, Reinhold"]
[Result "1/2-1/2"]
[WhiteElo "1571"]
[BlackElo "1324"]
[PlyCount "55"]
[EventDate "2014.02.17"]
[EventType "tourn (corr)"]
[EventRounds "6"]
[EventCountry "GER"]
[SourceTitle "Corr 2015"]
[Source "ChessBase"]
[SourceDate "2015.07.17"]
[SourceVersion "1"]
[SourceVersionDate "2015.07.17"]
[SourceQuality "1"]

1. c4 c5 2. Nc3 Nc6 3. g3 g6 4. Bg2 Bg7 5. Nf3 d6 6. a3 Nf6 7. d4 cxd4 8. Nxd4 Nxd4 9. Qxd4 0-0 10. 0-0 Re8 11. Nd5 Be6 12. Nxf6+ Bxf6 13. Qd3 Qb6 14. Rb1 Rab8 15. Be3 Qa6 16. Rfc1 Rec8 17. b3 b6 18. a4 Qa5 19. h4 Bf5 20. Be4 Qe5 21. Bxf5 Qxf5 22. Qxf5 gxf5 23. Kg2 Rd8 24. b4 Rdc8 25. f3 Rc7 26. Rc2 Rbc8 27. Rbc1 Kg7 28. Kf2 1/2-1/2

[Event "GER OS-232 email"]
[Site "GER email"]
[Date "2014.01.10"]
[Round "?"]
[White "Limmer, Reinhold"]
[Black "Skowronek, Juergen"]
[Result "0-1"]
[WhiteElo "1308"]
[BlackElo "1686"]
[PlyCount "74"]
[EventDate "2014.01.20"]
[EventType "tourn (corr)"]
[EventRounds "6"]
[EventCountry "GER"]
[SourceTitle "Corr 2015"]
[Source "ChessBase"]
[SourceDate "2015.07.17"]
[SourceVersion "1"]
[SourceVersionDate "2015.07.17"]
[SourceQuality "1"]

1. c4 e5 2. g3 f5 3. Bh3 Bc5 4. Nf3 d6 5. d4 exd4 6. Nxd4 Qf6 7. e3 Bd7 8. Nc3 Ne7 9. Ncb5 Bb6 10. 0-0 Nbc6 11. b4 Nxb4 12. Rb1 Nbc6 13. Bg2 Ne5 14. Bxb7 Rb8 15. Bg2 0-0 16. Qb3 Qf7 17. Na3 Bc8 18. Bb2 a6 19. f4 Nd7 20. Nc6 Nc5 21. Qc2 Nxc6 22. Bxc6 Bb7 23. Bxb7 Rxb7 24. Bd4 Rfb8 25. Rb2 Qe6 26. Rfb1 Qc8 27. Qd1 Ne4 28. Qd3 Ba5 29. Rxb7 Rxb7 30. Rxb7 Qxb7 31. Nc2 Qb1+ 32. Kg2 Qxa2 33. g4 g6 34. Ba7 c6 35. Kf3 Nd2+ 36. Ke2 Nb3 37. g5 Nc1+ 0-1

[Event "GER OL-274 email"]
[Site "GER email"]
[Date "2014.??.??"]
[Round "?"]
[White "Hansen, Marco"]
[Black "Limmer, Reinhold"]
[Result "1-0"]
[WhiteElo "2247"]
[BlackElo "1426"]
[PlyCount "33"]
[EventDate "2014.??.??"]
[EventType "tourn (corr)"]
[EventRounds "6"]
[EventCountry "GER"]
[SourceTitle "Corr 2015"]
[Source "ChessBase"]
[SourceDate "2015.07.17"]
[SourceVersion "1"]
[SourceVersionDate "2015.07.17"]
[SourceQuality "1"]
[WhiteTeam "Germany U2000"]
[WhiteTeamCountry "GER"]

1. e4 d6 2. d4 Nf6 3. Nc3 Nc6 4. d5 Ne5 5. f4 Ned7 6. Nf3 c6 7. dxc6 bxc6 8. e5 dxe5 9. fxe5 Ng4 10. e6 fxe6 11. Ng5 Nde5 12. Qxd8+ Kxd8 13. h3 Nf6 14. Bf4 Ng6 15. Bg3 Ke8 16. 0-0-0 h6 17. Bd3 1-0

[Event "GER rap9 FSM/V05 email"]
[Site "GER email"]
[Date "2013.12.23"]
[Round "?"]
[White "Pibernik, Dario"]
[Black "Limmer, Reinhold"]
[Result "0-1"]
[WhiteElo "1343"]
[BlackElo "1426"]
[PlyCount "52"]
[EventDate "2013.12.31"]
[EventType "tourn (corr)"]
[EventRounds "4"]
[EventCountry "GER"]
[SourceTitle "Corr 2015"]
[Source "ChessBase"]
[SourceDate "2015.07.17"]
[SourceVersion "1"]
[SourceVersionDate "2015.07.17"]
[SourceQuality "1"]

1. e4 e5 2. Nf3 d6 3. Bc4 Nf6 4. Nc3 a6 5. a3 Nc6 6. Ng5 d5 7. exd5 Nd4 8. h3 b5 9. Ba2 h6 10. Nxf7 Kxf7 11. d6+ Be6 12. dxc7 Qxc7 13. Bb1 e4 14. d3 Bc5 15. Be3 exd3 16. Qxd3 Rhd8 17. Bxd4 Rxd4 18. Qf3 Re8 19. 0-0 Rf4 20. Qg3 Bc4 21. Nd1 Ne4 22. Qh2 Nd2 23. Ba2 Nxf1 24. Bxc4+ bxc4 25. Kxf1 Rxf2+ 26. Nxf2 Qxh2 0-1

[Event "GER-Cup20 E/V05 email"]
[Site "GER email"]
[Date "2013.12.04"]
[Round "?"]
[White "Limmer, Reinhold"]
[Black "Halfmeier, Hartmut"]
[Result "0-1"]
[WhiteElo "1324"]
[BlackElo "1663"]
[PlyCount "30"]
[EventDate "2013.12.13"]
[EventType "tourn (corr)"]
[EventRounds "4"]
[EventCountry "GER"]
[SourceTitle "Corr 2015"]
[Source "ChessBase"]
[SourceDate "2015.07.17"]
[SourceVersion "1"]
[SourceVersionDate "2015.07.17"]
[SourceQuality "1"]

1. c4 c5 2. Nc3 Nc6 3. e4 g6 4. g3 a6 5. Bg2 b5 6. cxb5 axb5 7. d3 Nf6 8. Nf3 Bg7 9. 0-0 b4 10. Ne2 0-0 11. Qc2 d6 12. Be3 Ng4 13. Bf4 Be6 14. Rfd1 Rxa2 15. Rxa2 b3 0-1

[Event "GER Cup19 sf09 serv"]
[Site "GER email"]
[Date "2013.07.14"]
[Round "?"]
[White "Groebner, Karl Heinz"]
[Black "Limmer, Reinhold"]
[Result "1-0"]
[WhiteElo "1985"]
[BlackElo "1324"]
[PlyCount "35"]
[EventDate "2013.07.20"]
[EventType "tourn (corr)"]
[EventRounds "6"]
[EventCountry "GER"]
[SourceTitle "Corr 2015"]
[Source "ChessBase"]
[SourceDate "2015.07.17"]
[SourceVersion "1"]
[SourceVersionDate "2015.07.17"]
[SourceQuality "1"]

1. d4 d5 2. c4 Nf6 3. Nf3 dxc4 4. e3 g6 5. Bxc4 c6 6. Qb3 e6 7. 0-0 Bg7 8. Nc3 0-0 9. e4 Nfd7 10. Rd1 Nb6 11. Bg5 Qe8 12. Bf1 Bd7 13. a4 h6 14. Bf4 Nc8 15. Qxb7 Nb6 16. a5 Qc8 17. a6 Re8 18. Na4 1-0

[Event "GER Cup19 sf09 serv"]
[Site "GER email"]
[Date "2013.07.14"]
[Round "?"]
[White "Limmer, Reinhold"]
[Black "Hoebel, Hartmut"]
[Result "0-1"]
[WhiteElo "1324"]
[BlackElo "2136"]
[PlyCount "56"]
[EventDate "2013.07.20"]
[EventType "tourn (corr)"]
[EventRounds "6"]
[EventCountry "GER"]
[SourceTitle "Corr 2015"]
[Source "ChessBase"]
[SourceDate "2015.07.17"]
[SourceVersion "1"]
[SourceVersionDate "2015.07.17"]
[SourceQuality "1"]

1. c4 e5 2. g3 Nc6 3. Bg2 Nf6 4. Nc3 Bc5 5. d3 h6 6. Nf3 d6 7. 0-0 0-0 8. Na4 Bg4 9. Nxc5 dxc5 10. Be3 Qd6 11. b3 b6 12. h3 Bf5 13. g4 Bd7 14. Qd2 Rae8 15. Rad1 Nh7 16. Qc3 f5 17. Nh2 f4 18. Bd2 Nd4 19. Rde1 Ng5 20. Bd5+ Kh8 21. e3 fxe3 22. Bxe3 Ndf3+ 23. Nxf3 Nxf3+ 24. Bxf3 Rxf3 25. Kg2 Bc6 26. Kg1 Rxh3 27. f3 e4 28. dxe4 Qg3# 0-1

[Event "GER Cup19 sf09 serv"]
[Site "GER email"]
[Date "2013.07.14"]
[Round "?"]
[White "Remshagen, Peter"]
[Black "Limmer, Reinhold"]
[Result "1-0"]
[WhiteElo "2078"]
[BlackElo "1324"]
[PlyCount "37"]
[EventDate "2013.07.20"]
[EventType "tourn (corr)"]
[EventRounds "6"]
[EventCountry "GER"]
[SourceTitle "Corr 2015"]
[Source "ChessBase"]
[SourceDate "2015.07.17"]
[SourceVersion "1"]
[SourceVersionDate "2015.07.17"]
[SourceQuality "1"]

1. c4 c5 2. Nf3 g6 3. d4 Bg7 4. d5 d6 5. e4 Nf6 6. Nc3 0-0 7. Be2 a6 8. 0-0 Nbd7 9. h3 Ne5 10. Nxe5 dxe5 11. Qc2 b6 12. Rb1 Bb7 13. b4 Qd6 14. bxc5 Qxc5 15. Na4 Qd6 16. Nxb6 Ra7 17. Be3 Rb8 18. c5 Qc7 19. c6 1-0

[Event "GER OS-215 email"]
[Site "GER email"]
[Date "2013.04.08"]
[Round "?"]
[White "Sallwey, Rainer"]
[Black "Limmer, Reinhold"]
[Result "1-0"]
[WhiteElo "1795"]
[BlackElo "1426"]
[PlyCount "37"]
[EventDate "2013.04.15"]
[EventType "tourn (corr)"]
[EventRounds "6"]
[EventCountry "GER"]
[SourceTitle "Corr 2015"]
[Source "ChessBase"]
[SourceDate "2015.07.17"]
[SourceVersion "1"]
[SourceVersionDate "2015.07.17"]
[SourceQuality "1"]

1. Nf3 f5 2. d4 Nf6 3. c4 e6 4. Nc3 Bb4 5. Bd2 0-0 6. g3 b6 7. Bg2 Bb7 8. 0-0 Nc6 9. Rc1 Rb8 10. Qa4 Qe7 11. d5 Bxc3 12. Bxc3 exd5 13. Bxf6 Qxf6 14. cxd5 Ne7 15. Rxc7 Nxd5 16. Rxd7 Qxb2 17. Nd4 Rfd8 18. Nxf5 Kf8 19. Rxg7 1-0

[Event "GER OS-200 email"]
[Site "GER email"]
[Date "2012.10.08"]
[Round "?"]
[White "Wich, Manfred"]
[Black "Limmer, Reinhold"]
[Result "1-0"]
[WhiteElo "1644"]
[BlackElo "1564"]
[PlyCount "23"]
[EventDate "2012.10.15"]
[EventType "tourn (corr)"]
[EventRounds "6"]
[EventCountry "GER"]
[SourceTitle "Corr 2015"]
[Source "ChessBase"]
[SourceDate "2015.07.17"]
[SourceVersion "1"]
[SourceVersionDate "2015.07.17"]
[SourceQuality "1"]

1. d4 d5 2. Nc3 e6 3. e4 Bb4 4. exd5 exd5 5. Bd3 Nf6 6. Nge2 Bxc3+ 7. Nxc3 0-0 8. 0-0 Nc6 9. Re1 Re8 10. Rxe8+ Qxe8 11. Bg5 Nxd4 12. Bxf6 1-0

[Event "GER OS-199 email"]
[Site "GER email"]
[Date "2012.09.10"]
[Round "?"]
[White "Limmer, Reinhold"]
[Black "Ziechaus, Lothar"]
[Result "0-1"]
[WhiteElo "1391"]
[BlackElo "1646"]
[PlyCount "26"]
[EventDate "2012.09.17"]
[EventType "tourn (corr)"]
[EventRounds "6"]
[EventCountry "GER"]
[SourceTitle "Corr 2015"]
[Source "ChessBase"]
[SourceDate "2015.07.17"]
[SourceVersion "1"]
[SourceVersionDate "2015.07.17"]
[SourceQuality "1"]

1. e4 e5 2. b3 Nc6 3. Bb2 Nf6 4. Nf3 Nxe4 5. Bd3 d5 6. 0-0 Bd6 7. Re1 0-0 8. h3 Bf5 9. Nc3 Nxc3 10. Bxc3 e4 11. Bb5 exf3 12. Qxf3 Qd7 13. Qxd5 Bh2+ 0-1

[Event "GER OS-198 email"]
[Site "GER email"]
[Date "2012.09.03"]
[Round "?"]
[White "Limmer, Reinhold"]
[Black "Hofer, Siegfried"]
[Result "0-1"]
[WhiteElo "1493"]
[BlackElo "1601"]
[PlyCount "32"]
[EventDate "2012.09.09"]
[EventType "tourn (corr)"]
[EventRounds "6"]
[EventCountry "GER"]
[SourceTitle "Corr 2015"]
[Source "ChessBase"]
[SourceDate "2015.07.17"]
[SourceVersion "1"]
[SourceVersionDate "2015.07.17"]
[SourceQuality "1"]

1. e4 c6 2. Nc3 d5 3. Bd3 d4 4. Nce2 e5 5. Nf3 Bd6 6. h3 Nf6 7. 0-0 Be6 8. b3 0-0 9. Bb2 Nbd7 10. Ng5 Nc5 11. Nxe6 Nxe6 12. Rc1 Qe7 13. f3 Nh5 14. g4 Nhf4 15. Nxf4 Nxf4 16. Kh2 Qh4 0-1

[Event "GER OS-198 email"]
[Site "GER email"]
[Date "2012.09.03"]
[Round "?"]
[White "Schumacher, Peter"]
[Black "Limmer, Reinhold"]
[Result "1-0"]
[WhiteElo "2117"]
[BlackElo "1493"]
[PlyCount "53"]
[EventDate "2012.09.09"]
[EventType "tourn (corr)"]
[EventRounds "6"]
[EventCountry "GER"]
[SourceTitle "Corr 2015"]
[Source "ChessBase"]
[SourceDate "2015.07.17"]
[SourceVersion "1"]
[SourceVersionDate "2015.07.17"]
[SourceQuality "1"]

1. d4 Nf6 2. Nf3 e6 3. e3 d5 4. Bd3 c5 5. b3 Be7 6. 0-0 0-0 7. Bb2 Nc6 8. Nbd2 Bd7 9. Ne5 Nxe5 10. dxe5 Ne4 11. Nxe4 dxe4 12. Bxe4 Rb8 13. Qd3 g6 14. Rad1 Bc6 15. Bxc6 bxc6 16. Qd7 Qe8 17. Bc3 c4 18. Rd2 Rd8 19. Qxa7 Rd5 20. Rxd5 cxd5 21. b4 f5 22. exf6 Bxf6 23. Bxf6 Rxf6 24. a4 Rf7 25. Qa6 Rf6 26. b5 Qb8 27. a5 1-0

[Event "GER OS-196 email"]
[Site "GER email"]
[Date "2012.08.01"]
[Round "?"]
[White "Althoff, Ralph"]
[Black "Limmer, Reinhold"]
[Result "1-0"]
[WhiteElo "1658"]
[BlackElo "1493"]
[PlyCount "31"]
[EventDate "2012.08.06"]
[EventType "tourn (corr)"]
[EventRounds "6"]
[EventCountry "GER"]
[SourceTitle "Corr 2015"]
[Source "ChessBase"]
[SourceDate "2015.07.17"]
[SourceVersion "1"]
[SourceVersionDate "2015.07.17"]
[SourceQuality "1"]

1. e4 Nc6 2. Nf3 e5 3. Bb5 Nf6 4. 0-0 Bc5 5. c3 0-0 6. d4 Bb6 7. Bg5 d6 8. a4 Be6 9. d5 Bd7 10. dxc6 Bxc6 11. Bxc6 bxc6 12. a5 h6 13. Bxf6 Qxf6 14. axb6 cxb6 15. Qd3 Rad8 16. Rxa7 1-0

[Event "GER rap7 FSM/V04 email"]
[Site "GER email"]
[Date "2012.07.02"]
[Round "?"]
[White "Limmer, Reinhold"]
[Black "Hammerschmidt, Volker"]
[Result "0-1"]
[WhiteElo "1540"]
[BlackElo "1788"]
[PlyCount "28"]
[EventDate "2012.07.12"]
[EventType "tourn (corr)"]
[EventRounds "4"]
[EventCountry "GER"]
[SourceTitle "Corr 2015"]
[Source "ChessBase"]
[SourceDate "2015.07.17"]
[SourceVersion "1"]
[SourceVersionDate "2015.07.17"]
[SourceQuality "1"]

1. d4 Nf6 2. Nf3 d5 3. Nc3 c6 4. g3 Bf5 5. Bg2 h6 6. Nh4 Bh7 7. Nf3 e6 8. Be3 Nbd7 9. 0-0 Bd6 10. a4 a5 11. Qc1 0-0 12. Rd1 Rc8 13. Qd2 Nb6 14. b3 Bb4 0-1

[Event "GER rap7 FSM/V04 email"]
[Site "GER email"]
[Date "2012.07.02"]
[Round "?"]
[White "Limmer, Reinhold"]
[Black "Kosirog, Nicolai"]
[Result "0-1"]
[WhiteElo "1540"]
[BlackElo "1846"]
[PlyCount "24"]
[EventDate "2012.07.12"]
[EventType "tourn (corr)"]
[EventRounds "4"]
[EventCountry "GER"]
[SourceTitle "Corr 2015"]
[Source "ChessBase"]
[SourceDate "2015.07.17"]
[SourceVersion "1"]
[SourceVersionDate "2015.07.17"]
[SourceQuality "1"]

1. d4 Nf6 2. Nf3 d5 3. Nc3 c5 4. dxc5 Nc6 5. Be3 e5 6. Na4 d4 7. Bd2 e4 8. Ng5 h6 9. Nh3 e3 10. fxe3 Bxh3 11. gxh3 Ne4 12. Bc1 Qh4# 0-1

[Event "GER rap7 FSM/V04 email"]
[Site "GER email"]
[Date "2012.07.02"]
[Round "?"]
[White "Maetzig, Ralf"]
[Black "Limmer, Reinhold"]
[Result "1-0"]
[WhiteElo "1904"]
[BlackElo "1540"]
[PlyCount "23"]
[EventDate "2012.07.12"]
[EventType "tourn (corr)"]
[EventRounds "4"]
[EventCountry "GER"]
[SourceTitle "Corr 2015"]
[Source "ChessBase"]
[SourceDate "2015.07.17"]
[SourceVersion "1"]
[SourceVersionDate "2015.07.17"]
[SourceQuality "1"]

1. d4 d5 2. c4 dxc4 3. e3 Be6 4. Nf3 Nf6 5. Nc3 Nc6 6. e4 Na5 7. d5 Bd7 8. e5 Ng8 9. e6 fxe6 10. Ng5 exd5 11. Qxd5 c6 12. Qf7# 1-0

[Event "GER rap7 FSM/V04 email"]
[Site "GER email"]
[Date "2012.07.02"]
[Round "?"]
[White "Turowski, Peter Hinrich"]
[Black "Limmer, Reinhold"]
[Result "1-0"]
[WhiteElo "1501"]
[BlackElo "1540"]
[PlyCount "25"]
[EventDate "2012.07.12"]
[EventType "tourn (corr)"]
[EventRounds "4"]
[EventCountry "GER"]
[SourceTitle "Corr 2015"]
[Source "ChessBase"]
[SourceDate "2015.07.17"]
[SourceVersion "1"]
[SourceVersionDate "2015.07.17"]
[SourceQuality "1"]

1. e4 Nc6 2. d4 d5 3. e5 Nh6 4. Nf3 Bg4 5. Be2 Bxf3 6. Bxf3 e6 7. 0-0 Nf5 8. c3 Be7 9. Nd2 0-0 10. Bg4 Re8 11. Re1 h6 12. Nf1 Qd7 13. Qd3 1-0

[Event "GER-Cup12 E/V03 email"]
[Site "GER email"]
[Date "2012.05.03"]
[Round "?"]
[White "Limmer, Reinhold"]
[Black "Maly, Wolfgang"]
[Result "0-1"]
[WhiteElo "1542"]
[BlackElo "1678"]
[PlyCount "30"]
[EventDate "2012.05.14"]
[EventType "tourn (corr)"]
[EventRounds "4"]
[EventCountry "GER"]
[SourceTitle "Corr 2015"]
[Source "ChessBase"]
[SourceDate "2015.07.17"]
[SourceVersion "1"]
[SourceVersionDate "2015.07.17"]
[SourceQuality "1"]
[WhiteTeam "Germany"]
[BlackTeam "Germany"]
[WhiteTeamCountry "GER"]
[BlackTeamCountry "GER"]

1. c4 e5 2. Nc3 Nf6 3. Nf3 Nc6 4. g3 Bb4 5. Bg2 0-0 6. 0-0 Bxc3 7. dxc3 e4 8. Nd2 e3 9. fxe3 Ng4 10. Nb3 Qe7 11. e4 d6 12. Nd4 Nce5 13. h3 Nf6 14. b3 h6 15. Nf5 Qe6 0-1